Les 500 Exercices De Grammaire A1 (Record no. 2054)

000 -LEADER
fixed length control field 00979cam a2200325 4500
001 - CONTROL NUMBER
control field 3136165
003 - CONTROL NUMBER IDENTIFIER
control field OSt
005 - DATE AND TIME OF LATEST TRANSACTION
control field 20160223115553.0
008 - FIXED-LENGTH DATA ELEMENTS--GENERAL INFORMATION
fixed length control field 720313r19721963nyua 001 0 eng
010 ## - LIBRARY OF CONGRESS CONTROL NUMBER
LC control number 72176106
020 ## - INTERNATIONAL STANDARD BOOK NUMBER
International Standard Book Number 9782011554321
--
040 ## - CATALOGING SOURCE
Original cataloging agency DLC
Transcribing agency DLC
Modifying agency DLC
041 0# - LANGUAGE CODE
Language code of text/sound track or separate title engfre
050 00 - LIBRARY OF CONGRESS CALL NUMBER
Classification number PC2112.A39 2005
100 1# - MAIN ENTRY--PERSONAL NAME
Personal name Akuyz, Anne [et...al]
245 13 - TITLE STATEMENT
Title Les 500 Exercices De Grammaire A1
Statement of responsibility, etc Ann Akyuz, Bernadette Bazelle-Shahmaei, Joelle Bonenfant & Marie-Francoise Gliemann
250 ## - EDITION STATEMENT
Edition statement
260 ## - PUBLICATION, DISTRIBUTION, ETC. (IMPRINT)
Place of publication, distribution, etc Paris
Name of publisher, distributor, etc Hachette Livre
Date of publication, distribution, etc 2005
300 ## - PHYSICAL DESCRIPTION
Extent 222 p.
Other physical details illus.
Dimensions 25 cm.
500 ## - GENERAL NOTE
General note
500 ## - GENERAL NOTE
General note Includes index and bibliography
650 #0 - SUBJECT ADDED ENTRY--TOPICAL TERM
Topical term or geographic name as entry element French language
650 #0 - SUBJECT ADDED ENTRY--TOPICAL TERM
Topical term or geographic name as entry element French Grammer
700 1# - ADDED ENTRY--PERSONAL NAME
Personal name Bazelle-Shahmaei, Bernadette
Relator term
700 1# - ADDED ENTRY--PERSONAL NAME
Personal name Bonenfant, Joelle
700 1# - ADDED ENTRY--PERSONAL NAME
Personal name Gliemann, Marie-Francoise
740 ## - ADDED ENTRY--UNCONTROLLED RELATED/ANALYTICAL TITLE
Uncontrolled related/analytical title Learning French the modern way.
906 ## - LOCAL DATA ELEMENT F, LDF (RLIN)
a 7
b cbc
c orignew
d 2
e ncip
f 19
g y-gencatlg
942 ## - ADDED ENTRY ELEMENTS (KOHA)
Source of classification or shelving scheme
Koha item type Book
Holdings
Withdrawn status Lost status Source of classification or shelving scheme Damaged status Not for loan Home library Current library Shelving location Date acquired Total Checkouts Full call number Barcode Date last seen Date checked out Copy number Price effective from Koha item type
          Riara University Library Riara University Library General stack 23/02/2016 7 PC2112.A39 A1 2005 6735/16 12/04/2024 11/04/2024 C.1 23/02/2016 Book
          Riara University Library Riara University Library General stack 23/02/2016 1 PC2112.A39 A1 2005 6734/16 17/02/2021 14/01/2021 C.2 23/02/2016 Book
          Riara University Library Riara University Library General stack 23/02/2016 4 PC2112.A39 A1 2005 6737/16 17/01/2025 17/01/2025 C.3 23/02/2016 Book

Riara University Library,
P.O. Box 49940-00100,
Nairobi, Kenya.